LEADER 01466nam--2200397---450- 001 990000496740203316 005 20050719125544.0 035 $a0049674 035 $aUSA010049674 035 $a(ALEPH)000049674USA01 035 $a0049674 100 $a20010607d1995----km-y0itay0103----ba 101 $aeng 102 $aBE 105 $a||||||||001yy 200 1 $aCulture and human activity for overcoming poverty$eproceedings of the European colloquium on the role of culture in combating poverty and of the 4th European session of the fourth World people's University meetings$eBrussels, 8-9 june 1995 210 $aBrussels$cInternational Movement ATD fourth World$dc1995 215 $a101 p.$d30 cm 410 $12001 461 1$1001-------$12001 676 $a341.2422 699 $aCDE 02.05$bServizi sociali 710 02$aCOMMISSIONE EUROPEA :$bDirezione generale Informazione, comunicazione, cultura e audiovisivo$0541546 801 0$aIT$bsalbc$gISBD 912 $a990000496740203316 951 $aCDE 02.05 (X)$bCDE 406$cCDE 02.05$d00148974 959 $aBK 969 $aCDE 979 $aPATTY$b90$c20010607$lUSA01$h1358 979 $c20020403$lUSA01$h1658 979 $aPATRY$b90$c20040406$lUSA01$h1634 979 $aCDE$b90$c20050719$lUSA01$h1255 979 $aMARIAS$b90$c20080220$lUSA01$h1135 979 $aMARIAS$b90$c20080220$lUSA01$h1135 996 $aCulture and human activity for overcoming poverty$9887668 997 $aUNISA LEADER 02000oam 2200649 450 001 9910706818103321 005 20180319085533.0 035 $a(CKB)5470000002459290 035 $a(OCoLC)680866547$z(OCoLC)622563967$z(OCoLC)763097880 035 $a(EXLCZ)995470000002459290 100 $a20101111d1997 ua 0 101 0 $aeng 135 $aurmn||||||||| 181 $ctxt$2rdacontent 182 $cc$2rdamedia 183 $acr$2rdacarrier 200 10$aCounting the new mobile workforce /$fprepared by Joanne H. Pratt 210 1$aWashington, D.C. :$cU.S. Department of Transportation, Bureau of Transportation Statistics,$d1997. 215 $a1 online resource (vi, 71 pages) 300 $a"April 1997." 300 $a"BTS97-A-01." 320 $aIncludes bibliographical references. 606 $aTransportation$zUnited States$xPlanning 606 $aCommuters$zUnited States 606 $aHome labor$zUnited States 606 $aHome-based businesses$zUnited States 606 $aTelecommuting$zUnited States 606 $aCommuters$2fast 606 $aHome-based businesses$2fast 606 $aHome labor$2fast 606 $aTelecommuting$2fast 606 $aTransportation$xPlanning$2fast 607 $aUnited States$2fast 615 0$aTransportation$xPlanning. 615 0$aCommuters 615 0$aHome labor 615 0$aHome-based businesses 615 0$aTelecommuting 615 7$aCommuters. 615 7$aHome-based businesses. 615 7$aHome labor. 615 7$aTelecommuting. 615 7$aTransportation$xPlanning. 700 $aPratt$b Joanne H.$01388666 712 02$aUnited States.$bBureau of Transportation Statistics, 801 0$bOCLCE 801 1$bOCLCE 801 2$bOCLCQ 801 2$bOCLCF 801 2$bOCLCQ 801 2$bOCLCO 801 2$bOCLCQ 801 2$bGPO 906 $aBOOK 912 $a9910706818103321 996 $aCounting the new mobile workforce$93543912 997 $aUNINA